[Event "EST-chW/U20 Girls"]
[Site "Tallinn"]
[Date "2017.08.04"]
[Round "4"]
[White "Blokhin, Sofia"]
[Black "Nazarova, Veronika"]
[Result "1/2-1/2"]
[WhiteElo "1282"]
[BlackElo "1331"]
[PlyCount "66"]
[EventDate "2017.08.01"]
[EventType "tourn"]
[EventRounds "7"]
[EventCountry "EST"]
[SourceTitle "CBM 180 Extra"]
[Source "ChessBase"]
[SourceDate "2017.10.06"]
[SourceVersion "1"]
[SourceVersionDate "2017.10.06"]
[SourceQuality "1"]

1. e4 c5 2. Nf3 e6 3. d4 cxd4 4. Nxd4 Nc6 5. c4 g6 6. Nc3 Bg7 7. Be3 Nge7 8. Be2 0-0 9. 0-0 b6 10. Qd2 Bb7 11. Rad1 Re8 12. Ndb5 Bc8 13. Nd6 Rf8 14. Nxc8 Qxc8 15. Qxd7 Qxd7 16. Rxd7 Rfd8 17. Rfd1 h5 18. Rxd8+ Rxd8 19. Rxd8+ Nxd8 20. Nb5 Ndc6 21. b3 f5 22. f3 Be5 23. Bg5 Kf7 24. f4 Bd4+ 25. Nxd4 Nxd4 26. Bd3 Nec6 27. exf5 gxf5 28. Bh4 Nb4 29. Bf2 Nxd3 30. Bxd4 Nc1 31. Kf2 Nxa2 32. c5 bxc5 33. Bxc5 a6 1/2-1/2

[Event "EST-chW/U20 Girls"]
[Site "Tallinn"]
[Date "2017.08.02"]
[Round "2"]
[White "Bitkova, Jelizaveta"]
[Black "Nazarova, Veronika"]
[Result "1-0"]
[WhiteElo "1494"]
[BlackElo "1331"]
[PlyCount "57"]
[EventDate "2017.08.01"]
[EventType "tourn"]
[EventRounds "7"]
[EventCountry "EST"]
[SourceTitle "CBM 180 Extra"]
[Source "ChessBase"]
[SourceDate "2017.10.06"]
[SourceVersion "1"]
[SourceVersionDate "2017.10.06"]
[SourceQuality "1"]

1. Nf3 Nf6 2. d4 d5 3. g3 e6 4. Bg2 Be7 5. 0-0 0-0 6. b3 Nbd7 7. Bb2 b6 8. Nbd2 Bb7 9. c4 c5 10. cxd5 Nxd5 11. e4 N5f6 12. e5 Nd5 13. Nc4 Qc7 14. Rc1 Rac8 15. dxc5 Bxc5 16. Nd6 Rcd8 17. Nd4 Qb8 18. N4b5 a6 19. Nxb7 Qxb7 20. Nd6 Bxd6 21. exd6 Rc8 22. Qg4 g6 23. Qh3 f5 24. Qh6 Rf7 25. Qd2 Rxc1 26. Rxc1 Nc5 27. Qd4 Rg7 28. b4 Ne4 29. Rc8+ 1-0

[Event "Wch U16 Girls"]
[Site "Khanty-Mansiysk"]
[Date "2016.10.03"]
[Round "11"]
[White "Griciute, Rosita"]
[Black "Nazarova, Veronika"]
[Result "1/2-1/2"]
[WhiteElo "1641"]
[BlackElo "1303"]
[PlyCount "38"]
[EventDate "2016.09.22"]
[EventType "swiss"]
[EventRounds "11"]
[EventCountry "RUS"]
[SourceTitle "EXT 2017"]
[Source "ChessBase"]
[SourceDate "2016.10.25"]
[SourceVersion "1"]
[SourceVersionDate "2016.10.25"]
[SourceQuality "1"]

1. e4 c5 2. Nf3 d6 3. d4 cxd4 4. Nxd4 Nf6 5. Nc3 Bd7 6. Bg5 g6 7. f3 Bg7 8. Qd2 Nc6 9. Be3 0-0 10. Bc4 a6 11. 0-0-0 b5 12. Bb3 b4 13. Nce2 a5 14. Bh6 Qb6 15. Bxg7 Kxg7 16. Nxc6 Qxc6 17. Bd5 Nxd5 18. Qxd5 Qxd5 19. Rxd5 Be6 1/2-1/2

[Event "Wch U16 Girls"]
[Site "Khanty-Mansiysk"]
[Date "2016.09.28"]
[Round "6"]
[White "Wijesuriya, GPY"]
[Black "Nazarova, Veronika"]
[Result "0-1"]
[WhiteElo "1588"]
[BlackElo "1303"]
[PlyCount "56"]
[EventDate "2016.09.22"]
[EventType "swiss"]
[EventRounds "11"]
[EventCountry "RUS"]
[SourceTitle "EXT 2017"]
[Source "ChessBase"]
[SourceDate "2016.10.25"]
[SourceVersion "1"]
[SourceVersionDate "2016.10.25"]
[SourceQuality "1"]

1. e4 c5 2. Nc3 Nc6 3. d3 d6 4. Be3 g6 5. Qd2 Bg7 6. g3 Nf6 7. Bg2 Ng4 8. Bf4 e5 9. Bg5 f6 10. Be3 Nxe3 11. Qxe3 Nd4 12. Qd2 Be6 13. Nge2 Qb6 14. b3 0-0 15. Nxd4 cxd4 16. Ne2 Rac8 17. 0-0 Qc5 18. Rac1 d5 19. exd5 Bxd5 20. Bxd5+ Qxd5 21. f3 h5 22. c4 dxc3 23. Rxc3 Rfd8 24. Rcc1 Kh7 25. f4 exf4 26. Nxf4 Qd4+ 27. Qf2 Qxf2+ 28. Kxf2 Bh6 0-1

[Event "Styrian op U14/16 23rd"]
[Site "Mureck"]
[Date "2016.08.11"]
[Round "9"]
[White "Nazarova, Veronika"]
[Black "Hanc, Nejc"]
[Result "1/2-1/2"]
[WhiteElo "1307"]
[BlackElo "1362"]
[PlyCount "37"]
[EventDate "2016.08.03"]
[EventType "swiss"]
[EventRounds "9"]
[EventCountry "AUT"]
[SourceTitle "CBM 174 Extra"]
[Source "ChessBase"]
[SourceDate "2016.10.10"]
[SourceVersion "1"]
[SourceVersionDate "2016.10.10"]
[SourceQuality "1"]

1. e4 e5 2. Nf3 Nc6 3. Bb5 a6 4. Ba4 Nf6 5. 0-0 b5 6. Bb3 Bc5 7. d3 d6 8. h3 h6 9. c3 0-0 10. Re1 Re8 11. Bc2 Ba7 12. d4 Bb7 13. d5 Ne7 14. Nbd2 Ng6 15. Nf1 Nh7 16. Ng3 Bc8 17. Qd3 Qf6 18. Nh5 Qd8 19. Kh1 1/2-1/2

[Event "Styrian op U14/16 23rd"]
[Site "Mureck"]
[Date "2016.08.08"]
[Round "6"]
[White "Urbanc, Ana"]
[Black "Nazarova, Veronika"]
[Result "1-0"]
[WhiteElo "1681"]
[BlackElo "1307"]
[PlyCount "103"]
[EventDate "2016.08.03"]
[EventType "swiss"]
[EventRounds "9"]
[EventCountry "AUT"]
[SourceTitle "CBM 174 Extra"]
[Source "ChessBase"]
[SourceDate "2016.10.10"]
[SourceVersion "1"]
[SourceVersionDate "2016.10.10"]
[SourceQuality "1"]

1. e4 e5 2. Nf3 Nc6 3. Bb5 a6 4. Bxc6 dxc6 5. 0-0 f6 6. d3 Bg4 7. h3 Bh5 8. Be3 Qd7 9. Nbd2 0-0-0 10. a3 Bd6 11. b4 g5 12. Nc4 Qf7 13. Rb1 g4 14. hxg4 Bxg4 15. Nfxe5 fxe5 16. Qxg4+ Kb8 17. f4 Nf6 18. Qh3 exf4 19. Bxf4 Bxf4 20. Rxf4 Qg7 21. Rbf1 Nd7 22. Rf7 Qd4+ 23. Qe3 Qxe3+ 24. Nxe3 Ne5 25. Rg7 Ka7 26. Rf5 Rd7 27. Rxd7 Nxd7 28. Rf7 Ne5 29. Rxc7 Kb8 30. Re7 Ng6 31. Rg7 Kc8 32. Nf5 Ne5 33. Nd6+ Kb8 34. Rxb7+ Ka8 35. Rg7 h5 36. Nf7 Nxf7 37. Rxf7 h4 38. e5 Kb8 39. d4 Kc8 40. c4 Rd8 41. Rf4 Kc7 42. Rxh4 Kc8 43. e6 Re8 44. Re4 Kd8 45. g4 Ke7 46. Kg2 Kf6 47. e7 Rxe7 48. Rxe7 Kxe7 49. Kf3 Ke6 50. Kf4 Kf6 51. g5+ Kg6 52. d5 1-0

[Event "EST-ch U16 Girls"]
[Site "Tallinn"]
[Date "2016.05.20"]
[Round "3"]
[White "Nazarova, Veronika"]
[Black "Bitsan, Irina"]
[Result "1-0"]
[WhiteElo "1267"]
[BlackElo "1259"]
[PlyCount "53"]
[EventDate "2016.05.19"]
[EventType "swiss"]
[EventRounds "7"]
[EventCountry "EST"]
[SourceTitle "EXT 2018"]
[Source "ChessBase"]
[SourceDate "2017.10.13"]
[SourceVersion "1"]
[SourceVersionDate "2017.10.13"]
[SourceQuality "1"]

1. e4 e5 2. Nf3 Nc6 3. Bb5 d6 4. 0-0 Nf6 5. Re1 g6 6. c3 Bd7 7. d4 Bg7 8. Nbd2 exd4 9. cxd4 a6 10. Ba4 b5 11. Bc2 0-0 12. Nf1 Re8 13. h3 Bc8 14. Ng3 Bb7 15. a3 Nd7 16. Bf4 Qc8 17. Qd2 Qd8 18. Bh6 Bh8 19. Bb3 Bg7 20. Qf4 Rf8 21. Bxg7 Kxg7 22. Rad1 h6 23. e5 dxe5 24. dxe5 g5 25. Qf5 Bc8 26. Nh5+ Kh8 27. Bc2 1-0

[Event "EST-ch U16 Girls"]
[Site "Tallinn"]
[Date "2016.05.19"]
[Round "2"]
[White "Liiv, Kristiina"]
[Black "Nazarova, Veronika"]
[Result "1/2-1/2"]
[WhiteElo "1239"]
[BlackElo "1267"]
[PlyCount "64"]
[EventDate "2016.05.19"]
[EventType "swiss"]
[EventRounds "7"]
[EventCountry "EST"]
[SourceTitle "EXT 2018"]
[Source "ChessBase"]
[SourceDate "2017.10.13"]
[SourceVersion "1"]
[SourceVersionDate "2017.10.13"]
[SourceQuality "1"]

1. c4 c5 2. Nf3 Nf6 3. g3 g6 4. Bg2 Bg7 5. 0-0 0-0 6. d4 cxd4 7. Nxd4 Nc6 8. Nxc6 dxc6 9. Nc3 Bf5 10. Be3 e5 11. Bc5 Re8 12. Qxd8 Rexd8 13. Rfd1 a6 14. Bb6 Re8 15. Rd6 Nd7 16. Be3 Nf6 17. Rad1 Ng4 18. Bb6 Be6 19. b3 f5 20. Rd8 Raxd8 21. Rxd8 Rxd8 22. Bxd8 e4 23. Na4 b5 24. cxb5 cxb5 25. Nc5 Bc8 26. Bh3 Nxf2 27. Kxf2 Bd4+ 28. e3 Bxc5 29. Bf1 h6 30. Be2 g5 31. Bc7 Kf7 32. Bh5+ Ke6 1/2-1/2

[Event "EST-ch U18 Girls"]
[Site "Narva"]
[Date "2016.04.15"]
[Round "3"]
[White "Olde, Margareth"]
[Black "Nazarova, Veronika"]
[Result "1-0"]
[WhiteElo "1985"]
[BlackElo "1234"]
[PlyCount "119"]
[EventDate "2016.04.14"]
[EventType "swiss"]
[EventRounds "7"]
[EventCountry "EST"]
[SourceTitle "EXT 2018"]
[Source "ChessBase"]
[SourceDate "2017.10.13"]
[SourceVersion "1"]
[SourceVersionDate "2017.10.13"]
[SourceQuality "1"]

1. c4 Nf6 2. g3 e5 3. Nc3 Nc6 4. Bg2 Bb4 5. Nf3 0-0 6. 0-0 e4 7. Ne1 Bxc3 8. dxc3 h6 9. Nc2 Re8 10. Nd4 Nxd4 11. cxd4 d5 12. b3 b6 13. e3 Qe7 14. Qc2 c5 15. Ba3 Ba6 16. Rfd1 dxc4 17. bxc4 Qc7 18. dxc5 bxc5 19. Bb2 Qb6 20. Bxf6 Qxf6 21. Bxe4 Rad8 22. Rab1 Qe6 23. Bd5 Qf6 24. Qa4 Re7 25. Bxf7+ Rxf7 26. Rxd8+ Qxd8 27. Qxa6 Qd2 28. Rf1 Qd7 29. Qb5 Qxb5 30. cxb5 c4 31. Rc1 Rc7 32. Kf1 Kf7 33. Ke2 Ke6 34. Rd1 Rc5 35. a4 g6 36. Kd2 Ke5 37. Kc3 h5 38. Rd4 Rc7 39. Rxc4 Rd7 40. a5 Rb7 41. Kb4 Kd5 42. Rd4+ Ke6 43. b6 axb6 44. a6 Ra7 45. Kb5 Ke7 46. Kxb6 Ra8 47. Kb7 Rf8 48. a7 Ke6 49. a8Q Rxa8 50. Kxa8 Ke5 51. Kb7 g5 52. Kc6 g4 53. Rd5+ Kf6 54. Rxh5 Kg6 55. Re5 Kf6 56. Kd6 Kg6 57. Ke6 Kg7 58. Rg5+ Kf8 59. Rxg4 Ke8 60. Rg8# 1-0